Shape Computation (Запис № 579905)

МАРК-запис
000 -LEADER
fixed length control field 06274nam a22007815i 4500
001 - CONTROL NUMBER
control field 978-3-031-81623-9
003 - CONTROL NUMBER IDENTIFIER
control field DE-He213
005 - DATE AND TIME OF LATEST TRANSACTION
control field 20260304124625.0
007 - PHYSICAL DESCRIPTION FIXED FIELD--GENERAL INFORMATION
fixed length control field cr nn 008mamaa
008 - FIXED-LENGTH DATA ELEMENTS--GENERAL INFORMATION
fixed length control field 251206s2025 sz | s |||| 0|eng d
020 ## - INTERNATIONAL STANDARD BOOK NUMBER
International Standard Book Number 9783031816239
-- 978-3-031-81623-9
024 7# - OTHER STANDARD IDENTIFIER
Standard number or code 10.1007/978-3-031-81623-9
Source of number or code doi
050 #4 - LIBRARY OF CONGRESS CALL NUMBER
Classification number N72.M3
072 #7 - SUBJECT CATEGORY CODE
Subject category code PBW
Source bicssc
072 #7 - SUBJECT CATEGORY CODE
Subject category code MAT003000
Source bisacsh
072 #7 - SUBJECT CATEGORY CODE
Subject category code PBW
Source thema
082 04 - DEWEY DECIMAL CLASSIFICATION NUMBER
Classification number 519
Edition number 23
245 10 - TITLE STATEMENT
Title Shape Computation
Medium [electronic resource] :
Remainder of title Fifty Years, 1972–2022 /
Statement of responsibility, etc edited by Sotirios Kotsopoulos.
250 ## - EDITION STATEMENT
Edition statement 1st ed. 2025.
264 #1 -
-- Cham :
-- Springer Nature Switzerland :
-- Imprint: Birkhäuser,
-- 2025.
300 ## - PHYSICAL DESCRIPTION
Extent XXVII, 611 p. 465 illus., 195 illus. in color.
Other physical details online resource.
336 ## -
-- text
-- txt
-- rdacontent
337 ## -
-- computer
-- c
-- rdamedia
338 ## -
-- online resource
-- cr
-- rdacarrier
341 0# -
-- PDF/UA-1
-- onix
341 0# -
-- Table of contents navigation
-- onix
341 0# -
-- Single logical reading order
-- onix
341 0# -
-- Short alternative textual descriptions
-- onix
341 0# -
-- Use of color is not sole means of conveying information
-- onix
341 0# -
-- Use of high contrast between text and background color
-- onix
341 0# -
-- Next / Previous structural navigation
-- onix
341 0# -
-- All non-decorative content supports reading without sight
-- onix
347 ## -
-- text file
-- PDF
-- rda
490 1# - SERIES STATEMENT
Series statement Mathematics and the Built Environment,
Міжнародний стандартний серійний номер для назви серії (ISSN) 2512-1561 ;
Том/ позначення послідовності 9
505 0# - FORMATTED CONTENTS NOTE
Formatted contents note Scutum Fidei -- Shape Grammars and the Architect -- The Geometrical Art of Lionel March -- Grids: Schemas, Rules and Cases -- Reflections on Interpreting Shape Grammars -- How is that? Computing the Temporality of Drawing -- Computing with Material Shapes: The Case of Triaxial Basket Weaving -- [Un]making with -- Preserving Brand Identity in Engineering Design -- The Science of Shape Grammar-Based Product Design -- Mathematics of Shape Rules -- Seeing and Drawing Shapes -- Flows: Composite Shape Rules -- Arrangements Containing Shapes: Mathematical Features and Use -- Shape Computation Research at the University of Sydney -- Shape Machine: From Software to Practice -- Design Space Exploration in the Shape Machine Interface -- From Lines to Curves -- Rewriting Shape Rules: Developing Implemented Shape Grammars to See Anew -- Automating the Archaeological Reconstruction of Classical Greek and Roman Architecture -- A Generative Grammar for the Design of Adaptive Intelligent Virtual Worlds -- What does Shape Grammar Implementation tell us about Artificial Intelligence in Architectural Design? -- The Shape of Generative AI -- Computing Chinese Architecture -- Using Shape Grammar as an Analytical Tool for Shelters in Protracted Refugee Camps: The Zaatari Camp Grammar -- Designing with Visual Calculation is Child's Play -- EthnoComputation: An Inductive-Deductive Shape Grammar on Toraja Glyph.
506 0# - RESTRICTIONS ON ACCESS NOTE
Terms governing access Open Access
520 ## - SUMMARY, ETC.
Summary, etc This open access volume gives a panorama of Shape Computation, exploring its diverse design practices and interdisciplinary applications. Originating in the seminal 1972 article by George Stiny and James Gips that introduced shape grammars as a new computational paradigm, Shape Computation challenges traditional notions of visual and symbolic calculation, particularly in art and design. As we mark the 50th anniversary (1972-2022) of Stiny and Gips’s essay, this volume reflects on Shape Computation's past, present, and future. While this theory has flourished in recent years at the Massachusetts Institute of Technology (MIT), contributions and applications have come from institutions globally. This approach offers an alternative paradigm for design computing, emphasizing generative descriptions through shapes and rules over symbolic instructions. With examples spanning shape grammars, art, architecture, design theory, and more, this volume provides insights into the evolution and significance of this computational approach. Experts and students will appreciate it as a comprehensive introduction to Shape Computation and a valuable historical reference.
532 8# -
-- Accessibility summary: This PDF has been created in accordance with the PDF/UA-1 standard to enhance accessibility, including screen reader support, described non-text content (images, graphs), bookmarks for easy navigation, keyboard-friendly links and forms and searchable, selectable text. We recognize the importance of accessibility, and we welcome queries about accessibility for any of our products. If you have a question or an access need, please get in touch with us at accessibilitysupport@springernature.com. Please note that a more accessible version of this eBook is available as ePub.
532 8# -
-- No reading system accessibility options actively disabled
532 8# -
-- Publisher contact for further accessibility information: accessibilitysupport@springernature.com
650 #0 - SUBJECT ADDED ENTRY--TOPICAL TERM
Topical term or geographic name as entry element Mathematics.
650 #0 - SUBJECT ADDED ENTRY--TOPICAL TERM
Topical term or geographic name as entry element Arts.
9 (RLIN) 6312
650 #0 - SUBJECT ADDED ENTRY--TOPICAL TERM
Topical term or geographic name as entry element Architecture
General subdivision Mathematics.
9 (RLIN) 23891
650 #0 - SUBJECT ADDED ENTRY--TOPICAL TERM
Topical term or geographic name as entry element Mathematics
General subdivision Data processing.
650 #0 - SUBJECT ADDED ENTRY--TOPICAL TERM
Topical term or geographic name as entry element Computer-aided engineering.
9 (RLIN) 359
650 #0 - SUBJECT ADDED ENTRY--TOPICAL TERM
Topical term or geographic name as entry element Mathematical models.
650 #0 - SUBJECT ADDED ENTRY--TOPICAL TERM
Topical term or geographic name as entry element Buildings
General subdivision Design and construction.
650 #0 - SUBJECT ADDED ENTRY--TOPICAL TERM
Topical term or geographic name as entry element Industrial design.
650 14 - SUBJECT ADDED ENTRY--TOPICAL TERM
Topical term or geographic name as entry element Mathematics in Art and Architecture.
9 (RLIN) 23892
650 24 - SUBJECT ADDED ENTRY--TOPICAL TERM
Topical term or geographic name as entry element Computational Science and Engineering.
650 24 - SUBJECT ADDED ENTRY--TOPICAL TERM
Topical term or geographic name as entry element Computer-Aided Engineering (CAD, CAE) and Design.
9 (RLIN) 362
650 24 - SUBJECT ADDED ENTRY--TOPICAL TERM
Topical term or geographic name as entry element Mathematical Modeling and Industrial Mathematics.
650 24 - SUBJECT ADDED ENTRY--TOPICAL TERM
Topical term or geographic name as entry element Building Construction and Design.
650 24 - SUBJECT ADDED ENTRY--TOPICAL TERM
Topical term or geographic name as entry element Industrial Design.
700 1# - ADDED ENTRY--PERSONAL NAME
Personal name Kotsopoulos, Sotirios.
Relator term editor.
Relator code edt
-- http://id.loc.gov/vocabulary/relators/edt
9 (RLIN) 23893
710 2# - ADDED ENTRY--CORPORATE NAME
Corporate name or jurisdiction name as entry element SpringerLink (Online service)
773 0# - HOST ITEM ENTRY
Title Springer Nature eBook
776 08 - ADDITIONAL PHYSICAL FORM ENTRY
Display text Printed edition:
International Standard Book Number 9783031816222
776 08 - ADDITIONAL PHYSICAL FORM ENTRY
Display text Printed edition:
International Standard Book Number 9783031816246
776 08 - ADDITIONAL PHYSICAL FORM ENTRY
Display text Printed edition:
International Standard Book Number 9783031816253
830 #0 - SERIES ADDED ENTRY--UNIFORM TITLE
Uniform title Mathematics and the Built Environment,
-- 2512-1561 ;
Volume number/sequential designation 9
9 (RLIN) 23894
856 40 - ELECTRONIC LOCATION AND ACCESS
Uniform Resource Identifier <a href="https://doi.org/10.1007/978-3-031-81623-9">https://doi.org/10.1007/978-3-031-81623-9</a>
912 ## -
-- ZDB-2-SMA
912 ## -
-- ZDB-2-SXMS
912 ## -
-- ZDB-2-SOB

Немає доступних примірників.